Library Banner

Drug information : (Record no. 133500)

MARC details
000 -LEADER
fixed length control field 00510nam a2200181 4500
005 - DATE AND TIME OF LATEST TRANSACTION
control field 20240319094740.0
008 - FIXED-LENGTH DATA ELEMENTS--GENERAL INFORMATION
fixed length control field 240319b ||||| |||| 00| 0 eng d
020 ## - INTERNATIONAL STANDARD BOOK NUMBER
International Standard Book Number 9781260460308
040 ## - CATALOGING SOURCE
Transcribing agency PK-LaUMT
082 ## - DEWEY DECIMAL CLASSIFICATION NUMBER
Classification number 615.1
Item number DRU-
245 ## - TITLE STATEMENT
Title Drug information :
Remainder of title a guide for pharmacists /
Statement of responsibility, etc edited by Patrick M. Malone . . . [et al.]
250 ## - EDITION STATEMENT
Edition statement 7th ed.
260 ## - PUBLICATION, DISTRIBUTION, ETC. (IMPRINT)
Place of publication, distribution, etc New York :
Name of publisher, distributor, etc McGraw-Hill,
Date of publication, distribution, etc 2022
300 ## - PHYSICAL DESCRIPTION
Extent 1593 p.
650 ## - SUBJECT ADDED ENTRY--TOPICAL TERM
Topical term or geographic name as entry element Drugs
650 ## - SUBJECT ADDED ENTRY--TOPICAL TERM
Topical term or geographic name as entry element Pharmacy-Information services
942 ## - ADDED ENTRY ELEMENTS (KOHA)
Koha item type Books
Holdings
Withdrawn status Lost status Damaged status Home library Current library Date acquired Full call number Barcode Date last seen Price effective from Koha item type
      UMT Health Sciences Campus UMT Health Sciences Campus 2024-03-19 615.1 DRU- 146995 2024-03-19 2024-03-19 Books